[Event "Giovanni Pico Cup 7th"]
[Site "Mirandola"]
[Date "2014.01.10"]
[Round "1"]
[White "Sasdelli, Massimo"]
[Black "Calcagnile, Alessandra"]
[Result "1-0"]
[WhiteElo "1842"]
[BlackElo "1548"]
[PlyCount "119"]
[EventDate "2014.01.10"]
[EventType "swiss"]
[EventRounds "5"]
[EventCountry "ITA"]
[SourceTitle "EXT 2015"]
[Source "ChessBase"]
[SourceDate "2014.11.20"]
[SourceVersion "1"]
[SourceVersionDate "2014.11.20"]
[SourceQuality "1"]

1. c4 e5 2. g3 c6 3. d4 exd4 4. Qxd4 Nf6 5. Bg2 Bb4+ 6. Bd2 Qa5 7. Qd3 0-0 8. a3 Bxd2+ 9. Nxd2 d5 10. b4 Qd8 11. Ngf3 h6 12. 0-0 Re8 13. e3 Ne4 14. Rad1 Bf5 15. cxd5 Nxg3 16. e4 Nxf1 17. exf5 Nxd2 18. Qxd2 cxd5 19. f6 Qxf6 20. Nd4 Nc6 21. Ne2 Re7 22. Nf4 Qg5 23. Nxd5 Re5 24. f4 Rxd5 25. Qxd5 Qxf4 26. Rf1 Qe3+ 27. Kh1 Qe7 28. Qc4 Ne5 29. Qe4 Rb8 30. Re1 f6 31. Qd5+ Qf7 32. Qd6 Qf8 33. Bd5+ Kh8 34. Qxf8+ Rxf8 35. Bxb7 Rf7 36. Ba8 Rc7 37. b5 Nc4 38. a4 Nb6 39. Re8+ Kh7 40. Be4+ g6 41. a5 Nd7 42. Re7+ Kg8 43. Bxg6 Rc1+ 44. Kg2 Ne5 45. Be4 Rc5 46. b6 axb6 47. axb6 Rb5 48. b7 Kf8 49. Rh7 Nf7 50. Bd5 Nd6 51. b8Q+ Rxb8 52. Rh8+ Ke7 53. Rxb8 Nf5 54. Ba8 Ke6 55. Rb5 Nd6 56. Rh5 Nf7 57. Bd5+ Ke7 58. Bxf7 Kxf7 59. Rxh6 Kg7 60. Rh4 1-0

[Event "Modena Province-ch"]
[Site "Modena"]
[Date "2012.12.16"]
[Round "4"]
[White "Sasdelli, Massimo"]
[Black "Dionigi, Riccardo"]
[Result "0-1"]
[WhiteElo "1799"]
[BlackElo "1910"]
[PlyCount "134"]
[EventDate "2012.12.14"]
[EventType "swiss"]
[EventRounds "5"]
[EventCountry "ITA"]
[SourceTitle "EXT 2014"]
[Source "ChessBase"]
[SourceDate "2013.11.20"]
[SourceVersion "1"]
[SourceVersionDate "2013.11.20"]
[SourceQuality "1"]

1. c4 Nf6 2. g3 e6 3. Bg2 d5 4. Nf3 Be7 5. b3 0-0 6. 0-0 b6 7. Bb2 Bb7 8. d4 Nbd7 9. Nc3 c5 10. cxd5 Nxd5 11. Rc1 Bf6 12. Ne4 Be7 13. Nc3 Rc8 14. Nxd5 Bxd5 15. e3 Bf6 16. Qd2 Qe7 17. Ba3 Rfd8 18. Qe2 Qe8 19. e4 Bb7 20. Rfd1 cxd4 21. Rxc8 Rxc8 22. Nxd4 Be7 23. Bb2 a6 24. Bh3 Nc5 25. f3 Rd8 26. Nc2 Rd7 27. Rxd7 Qxd7 28. Bf1 a5 29. Ne3 Ba6 30. Nc4 Qd8 31. Qd2 Qc7 32. Be5 Qc6 33. Bb2 Bb7 34. Kg2 f6 35. Kg1 Nxe4 36. fxe4 Qxe4 37. Bg2 Bc5+ 38. Kh1 Qb1+ 39. Bc1 Bxg2+ 40. Kxg2 Qe4+ 41. Kf1 Qh1+ 42. Ke2 Qxh2+ 43. Kd1 Qxg3 44. Kc2 Qc7 45. Kb1 Bb4 46. Qe2 e5 47. Qe4 Bc5 48. Qd5+ Kf8 49. Qa8+ Ke7 50. Qe4 g6 51. Qh4 Ke6 52. Nd2 Qd7 53. Qh3+ f5 54. Nc4 a4 55. Kc2 e4 56. Bb2 Bd4 57. Ba3 b5 58. Nb2 Qc7+ 59. Kb1 e3 60. Nd3 Qc3 61. Nf4+ Ke5 62. Nxg6+ hxg6 63. Qh8+ Ke4 64. Qh1+ Kd3 65. Qf1+ e2 66. Qf3+ Kd2 67. Qf4+ Be3 0-1

[Event "Pianoro op"]
[Site "Pianoro"]
[Date "2011.11.25"]
[Round "1"]
[White "Sasdelli, Massimo"]
[Black "Mascellani, Marco"]
[Result "0-1"]
[WhiteElo "1836"]
[BlackElo "2301"]
[PlyCount "49"]
[EventDate "2011.11.25"]
[EventType "swiss"]
[EventRounds "5"]
[EventCountry "ITA"]
[SourceTitle "CBM 145 Extra"]
[Source "ChessBase"]
[SourceDate "2012.01.03"]
[SourceVersion "1"]
[SourceVersionDate "2012.01.03"]
[SourceQuality "1"]

1. c4 e5 2. Nc3 Nc6 3. g3 g6 4. Bg2 Bg7 5. d3 d6 6. Rb1 Be6 7. b4 Qd7 8. Qa4 Nge7 9. b5 Nd8 10. Ba3 0-0 11. Nd5 Bxd5 12. cxd5 a6 13. Nh3 b6 14. Ng5 h6 15. Ne6 fxe6 16. dxe6 Nxe6 17. Bxa8 Rxa8 18. Bc1 Nc5 19. Qh4 axb5 20. 0-0 Rxa2 21. Rb2 Ra4 22. f4 exf4 23. gxf4 Nf5 24. Qf2 Nxd3 25. Qg2 0-1

[Event "Mirandola Giovanni Pico op 4th"]
[Site "Mirandola"]
[Date "2011.01.15"]
[Round "2"]
[White "Xia, Jie"]
[Black "Sasdelli, Massimo"]
[Result "1-0"]
[WhiteElo "2198"]
[BlackElo "1897"]
[PlyCount "72"]
[EventDate "2011.01.14"]
[EventType "swiss"]
[EventRounds "5"]
[EventCountry "ITA"]
[SourceTitle "EXT 2012"]
[Source "ChessBase"]
[SourceDate "2011.11.24"]
[SourceVersion "1"]
[SourceVersionDate "2011.11.24"]
[SourceQuality "1"]

1. e4 e5 2. Nf3 Nc6 3. d4 exd4 4. Bc4 Be7 5. c3 Nf6 6. e5 Ng4 7. cxd4 d5 8. Bb5 h5 9. Nc3 a6 10. Ba4 Kf8 11. 0-0 Be6 12. Be3 g5 13. Rc1 Na5 14. Bb3 c6 15. Nd2 Nxb3 16. Nxb3 Kg8 17. Qd2 Nh6 18. Nc5 Rb8 19. Ne2 Ng4 20. Rc3 Nxe3 21. fxe3 Qc8 22. e4 b6 23. Nxe6 Qxe6 24. Ng3 Kf8 25. Qc2 c5 26. Rcf3 cxd4 27. Rxf7+ Qxf7 28. Rxf7+ Kxf7 29. exd5 Bc5 30. Qf5+ Ke8 31. Qg6+ Kf8 32. d6 d3+ 33. Kf1 Rg8 34. Qf6+ Ke8 35. Qe6+ Kf8 36. d7 Rg7 1-0